000 00362nam a2200133Ia 4500
008 231228s1986 xx 000 0 und d
041 _aeng
082 _a301.1
_bmc
100 _amc DAVIDd (john w) / HARARI (Herbert) harari(herbe
245 _asocial psycology,Individual groups etc
250 _a1st
260 _aNew Delhi
_bC.B.S F
_c1986
300 _a479
999 _c1079810
_d1079810